Stations du Métro de Paris par lettre - R - Statistiques

Statistiques générales
  • Ce quiz a été pris 380 fois
    326 depuis la dernière actualisation
  • Le résultat moyen est 10 sur 18
Statistiques - réponses
Ligne Station % Correct
3,5,8,9,11 République
93%
11 Rambuteau
71%
4,6 Raspail
71%
3,4 Réamur Sébastopol
71%
1,8 Reuilly - Diderot
67%
8,9 Richelieu-Drouot
60%
2 Rome
58%
9 Ranelagh
57%
12 Rue du Bac
55%
9 Rue des Boulets
52%
7 Riquet
51%
12 Rennes
49%
9 Robespierre
47%
9 Rue de la Pompe
47%
5 Richard-Lenoir
45%
11 Rosny-Bois-Perrier
45%
3 Rue Saint-Maur
43%
11 Romainville - Carnot
34%
Aucun quiz correspondant
Distribution des résultats
% des personnes avec chaque résultat
Percentile par nombre de réponses
Votre historique - résultats
Vous n’avez pas pris ce quiz depuis la dernière actualisation